000 00411nam a2200157Ia 4500
005 20250526023114.0
008 240331s9999 xx 000 0 und d
020 _a9559161237
082 _a302.2
_bWIC
245 0 _aJanavargika pravurthi kalawa
260 _bSri Lanka Environmental Jouranalists Forum
_c2001
300 _a220 p .,
650 _aEthnic reports
700 _aWickramaratne, D
_eedt
942 _cL
999 _c1101
_d1101